Intelektové nadanie a ďalšie vyberané prediktory spokojnosti so životom u žiakov slovenských gymnázií

Bibliographic Details
Main Authors: Belica, Ivan (Author), Balážová, Mária (Author)
Format: Article
Language:Slovak
PhysicalDescription:Tab.
ISSN:0555-5574
Subjects:
Online Access:www.elis.sk

MARC

LEADER 00000nab a2200000 ar4500
001 vtls011736624
003 SK-MaSNL
005 20260304235921.0
008 180116c2017 xo qr|p|||an |000 b|slo
015 |a SNBRB2018/01 
038 |a SPK 
040 |a SPKCL  |b slo  |c AACR2  |e AACR2 
041 0 |a slo  |b slo  |b eng 
044 |a xo  |c SK 
072 7 |a 159.95  |x Vyššie duševné procesy  |2 konspekt 
072 7 |a 304  |x Kultúrna politika  |2 konspekt 
072 7 |a 316.3  |x Globálne spoločnosti. Sociálna štruktúra. Sociálne skupiny  |2 konspekt 
080 |a 159.956.2  |2 2011 
080 |a 304.3  |2 2011 
080 |a 316.346.32-053.6  |2 2011 
100 1 |a Belica, Ivan  |4 aut  |9 1109364 
245 1 0 |a Intelektové nadanie a ďalšie vyberané prediktory spokojnosti so životom u žiakov slovenských gymnázií  |c Ivan Belica, Mária Balážová 
246 3 1 |a Intellect giftedness and other selected predictors of life satisfaction among pupils attending slovak grammar schools 
300 |b Tab. 
504 |a Bibliogr. odkazy 
546 |a Res. angl., slov. 
650 0 7 |a talent  |2 snkbucl  |9 18340 
650 0 7 |a inteligencia  |2 snkbucl  |9 15977 
650 0 7 |a život  |2 snkbucl  |9 20137 
650 0 7 |a spokojnosť  |2 snkbucl  |9 30816 
650 0 7 |a emocionálne vzťahy  |2 snkbucl  |9 71416 
650 0 7 |a coping  |2 snkbucl  |9 1132378 
650 0 7 |a osobnosť  |2 snkbucl  |9 4341 
650 0 7 |a humor  |2 snkbucl  |9 1763 
650 0 7 |a stredoškolskí študenti  |2 snkbucl  |9 3980 
650 0 7 |a výskum  |2 snkbucl  |9 4238 
700 1 |a Balážová, Mária  |4 aut  |9 387925 
773 0 |t Psychológia a patopsychológia dieťaťa  |g Roč. 51, č. 2-3 (2017), s. 71-85  |x 0555-5574 
852 |a SPK  |b KIS3GCP 
856 4 1 |u www.elis.sk 
958 |a NB  |2 snkbucl 
999 |c 3211249  |d 3213179